QUEST Central Library Banner

Soil Investigation of Canal Embankment (Record no. 64661)

MARC details
000 -LEADER
fixed length control field 00252nam a22000977a 4500
100 ## - MAIN ENTRY--AUTHOR NAME
Personal name Asif Nawaz
-- 15CE80
245 ## - TITLE STATEMENT
Title Soil Investigation of Canal Embankment
300 ## - PHYSICAL DESCRIPTION
Number of Pages Nawabshah
Other physical details QUEST
Accompanying material 2019
700 ## - ADDED ENTRY--PERSONAL NAME
Personal name Department of Civil Engineering
942 ## - ADDED ENTRY ELEMENTS (KOHA)
Koha item type Books
Holdings
Withdrawn status Lost status Home library Current library Date acquired Accession Number Koha item type
    Central Library, QUEST, Nawabshah Research Section 04/03/2019 CEP/54-676 Thesis and Dissertation

Copyright © 2018,The QUEST, Nawabshah, Shaheed Benazirabad. All rights reserved
Mr. G. Farooq Channar (Librarian) QUEST, Nawabshah, Sindh, Pakistan 67480.
 Ph#: |   0244-9370381-4 Ext. 2308   Email| lib@quest.edu.pk   Web|  http://www.quest.edu.pk